00485nam a2200169Ia 450000500170000000800410001702000180005804000130007608200180008910000200010724500520012725000160017926000300019530000180022554600120024365000600025520260129110931.0231207s9999 xx 000 0 und d a9780240806907 cPK-LaNCA a791.4402bREE aReese, David E. 0aRadio production worktext: studio and equipment a5th Edition bFocal PressaOxfordc2006 axv, 241pbill aEnglish aRadio production and direction. Radio--Equipments. FTV.